[Event "TUR-chT 1st League"]
[Site "Konya"]
[Date "2017.07.20"]
[Round "5.5"]
[White "Kiziltas, Yahya"]
[Black "Kocak, Can"]
[Result "1-0"]
[WhiteElo "1893"]
[BlackElo "1976"]
[PlyCount "53"]
[EventDate "2017.07.17"]
[EventType "team-swiss"]
[EventRounds "9"]
[EventCountry "TUR"]
[SourceTitle "CBM 179 Extra"]
[Source "ChessBase"]
[SourceDate "2017.08.23"]
[SourceVersion "1"]
[SourceVersionDate "2017.08.23"]
[SourceQuality "1"]
[WhiteTeam "Aydin Egitim Merkezi"]
[BlackTeam "Karaman Saglik"]
[WhiteTeamCountry "TUR"]
[BlackTeamCountry "TUR"]

1. d4 d6 2. Nf3 Nf6 3. c4 g6 4. Nc3 Bg7 5. e4 0-0 6. Be2 e5 7. dxe5 dxe5 8. Qc2 Re8 9. Bg5 c6 10. Rd1 Qc7 11. 0-0 Bg4 12. b4 Nbd7 13. h3 Bxf3 14. Bxf3 Nf8 15. Bh4 Ne6 16. Bg3 Rad8 17. a4 Nd4 18. Qb1 Qc8 19. Be2 Qe6 20. Bd3 Nh5 21. Ne2 Qe7 22. Bh2 Bf8 23. c5 a5 24. bxa5 Ra8 25. Nxd4 exd4 26. Bd6 Qg5 27. f4 1-0

[Event "TUR-chT 1st League"]
[Site "Konya"]
[Date "2017.07.18"]
[Round "2.9"]
[White "Kiziltas, Yahya"]
[Black "Esen, Nejdet"]
[Result "1-0"]
[WhiteElo "1893"]
[BlackElo "2002"]
[PlyCount "85"]
[EventDate "2017.07.17"]
[EventType "team-swiss"]
[EventRounds "9"]
[EventCountry "TUR"]
[SourceTitle "CBM 179 Extra"]
[Source "ChessBase"]
[SourceDate "2017.08.23"]
[SourceVersion "1"]
[SourceVersionDate "2017.08.23"]
[SourceQuality "1"]
[WhiteTeam "Aydin Egitim Merkezi"]
[BlackTeam "Yalova Belediye"]
[WhiteTeamCountry "TUR"]
[BlackTeamCountry "TUR"]

1. d4 Nf6 2. Nf3 g6 3. c4 Bg7 4. Nc3 0-0 5. e4 d6 6. Be2 Nbd7 7. 0-0 e5 8. Bg5 h6 9. Bxf6 Bxf6 10. d5 a5 11. a3 Nc5 12. b4 axb4 13. axb4 Rxa1 14. Qxa1 Nb3 15. Qd1 Nd4 16. Nxd4 exd4 17. Nb5 Re8 18. Bf3 c5 19. dxc6 bxc6 20. Nxd4 Qb6 21. Nc2 Be6 22. Qd3 Be5 23. Rb1 Ra8 24. g3 Ra2 25. Kg2 h5 26. Be2 d5 27. Qb3 Qa6 28. exd5 cxd5 29. b5 Qa8 30. Kg1 Bf5 31. Bd3 dxc4 32. Qxc4 Bh3 33. Be4 Ra4 34. Bxa8 Rxc4 35. Ne3 Rc8 36. Bg2 Be6 37. b6 Kf8 38. b7 Rb8 39. Rb3 Bd6 40. Bc6 Ke7 41. Nd5+ Bxd5 42. Bxd5 Rd8 43. Kg2 1-0